000 00493nam a22001697a 4500
005 20240220073219.0
008 240220b |||||||| |||| 00| 0 eng d
020 _a10233806
041 _aEnglish
082 _a349 BUT
100 _lEnglish
245 _aButterworths Law Reports : Labour Law
260 _aDurban :
_bButterworth Publishers (Pty) Ltd,
_c1999
300 _bxviii, 98 pages
_c25 cm.
650 _aLegal practice
_bLaw
942 _cBK
_6ALISON_BN_VRIES
999 _c1386
_d1386